Colours by Shade 7-to-1 Quiz Stats

 Plays Quiz not verified by Sporcle

Support Sporcle.
Go Orange.
Score 0/28 Timer 06:00
1 Play Today
% Correct
ruby
95.7%
crimson
94.3%
rose
93%
scarlet
92.6%
emerald
91.5%
forest
89.3%
azure
89.2%
denim
89%
maroon
88.9%
snow
88.9%
mint
88.5%
avocado
88.1%
sapphire
87.7%
pumpkin
86.4%
% Correct
tangerine
86.3%
coffee
86.1%
mustard
85%
ultramarine
84.8%
gold
84.6%
shamrock
82.9%
magenta
82.6%
cerulean
81.4%
camel
80.7%
periwinkle
77.7%
maize
75.1%
saffron
64.7%
vermilion
62%
persimmon
57.1%

You're not logged in!

Compare scores with friends on all Sporcle quizzes.
OR
Log In

From the Vault

Mapless North American Capitals Armageddon!

by geshmonkey

It appears the meteors destroyed the map.
Remove Ads.
Support Sporcle.
Get the best of Sporcle when you Go Orange. This ad-free experience offers more features, more stats, and more fun while also helping to support Sporcle. Thank you for becoming a member.

Show Comments

Extras

Top Quizzes Today


Score Distribution

Your Account Isn't Verified!

In order to create a playlist on Sporcle, you need to verify the email address you used during registration. Go to your Sporcle Settings to finish the process.

Report this User

Report this user for behavior that violates our Community Guidelines.

Details: